Statistics for English words of Portuguese origin

Click here to take the quiz!

General Stats

  • This quiz has been taken 1,069 times
  • The average score is 13 of 36

Answer Stats

Hint Answer % Correct
Pandas can't live without it.Bamboo (bambu)
91%
A striped horseZebra
73%
World's most populous countryChina
71%
Someone with no skin pigment.Albino
70%
A pink bird.Flamingo
65%
A very agressive small fish with sharp teeth.Piranha
64%
Monkeys can't live without it.Banana
62%
The chinese language. Also an asian bureaucrat.Mandarin (mandarim)
62%
Extinct flightless bird.Dodo
58%
An armored vehicle.Tank (tanque)
46%
A seasonal deluge in India.Monsoon (monção)
45%
A prison island. Also a large sea bird.Alcatraz / Albatross
44%
A person of mixed race.Mulato
42%
Japanese dish of deepfried seafood or vegetables.Tempura (tempero)
39%
A thick dark sugary syrup.Molasses (melaço)
39%
An oblong sweet tropical fruit very popular in juices.Mango (manga)
37%
A type of sweet potato.Yam (inhame)
37%
A kidney shaped nut.Cashew (Caju)
37%
What indians hunted.Buffalo (búfalo)
36%
A type of snake.Cobra
34%
A sometimes sexual obsession towards objects.Fetish (Feitiço)
34%
The sacred animal of the Aztecs and Mayans.Jaguar
30%
An asian tiered tower, usually used as a temple.Pagoda (pagode)
27%
A gluten-free starch used in puddings.Tapioca
22%
Another name for monkeys.Macaque (macaco)
20%
Quince jam.Marmalade (marmelada)
19%
The sea that contains the Bermuda Triangle. Also a seaweed.Sargasso
18%
A 15th century highly maneuverable ship which could sail against the wind.Caravel (caravela)
17%
An enclosure for livestock.Corral (curral)
15%
Elite soldier.Commando (comando)
13%
A balustrade or balcony.Verandah (varanda)
12%
Public penance of condemned heretics during the Inquisition.Auto-da-fé
6%
A turn in a dance.Volta
6%
Another name for sperm whale.Cachalot (cachalote)
4%
A medium sized African wild cat.Serval (cerval)
4%
A type of large fish that includes Sea Basses.Grouper (garoupa)
3%

Score Distribution

Percentile by Number Answered

Percent of People with Each Score

Your Score History

You have not taken this quiz